[Event "IECG CE.2003.0.00047 email"]
[Site "IECG email"]
[Date "2003.02.19"]
[Round "?"]
[White "Biardi, Giacomo"]
[Black "Shannon, Kevin"]
[Result "1-0"]
[WhiteElo "1263"]
[BlackElo "1300"]
[PlyCount "45"]
[EventDate "2003.02.19"]
[EventType "tourn (corr)"]
[EventRounds "6"]
[SourceTitle "Corr 2008"]
[Source "ChessBase"]
[SourceDate "2008.06.24"]
[SourceVersion "1"]
[SourceVersionDate "2008.06.24"]
[SourceQuality "1"]

1. d4 c5 2. d5 Nf6 3. c4 e6 4. Nc3 b6 5. e4 d6 6. Nf3 Ng4 7. dxe6 fxe6 8. Ng5 Qd7 9. Qxg4 e5 10. Qf3 Nc6 11. Be3 h6 12. Qh5+ Ke7 13. Nd5+ Kd8 14. Nf7+ Qxf7 15. Qxf7 a5 16. Qc7+ Ke8 17. Qxc6+ Bd7 18. Qxa8+ Kf7 19. Qa7 g5 20. Qxd7+ Kg6 21. Qf5+ Kh5 22. Nf6+ Kh4 23. g3# 1-0